000 01283nam a22003857a 4500
001 0029347
003 KOHA_MİRAKIL
005 20260207002657.0
007 ta
008 110411b1981 tu |||gr||||#0|||0|tur |
020 _c0,01
040 _aTR-BiSEU
_btur
_cTR-BiSEU
_erda
041 0 _atur
044 _ctu
050 _aDR573
_b.O78 1981
100 1 _aOrtaylı, İlber.
245 1 _aİkinci Abdülhamit döneminde Osmanlı imparatorluğu Alman nüfuzu/
_cİlber Ortaylı ; İlber Ortaylı.
264 1 _aAnkara :
_bAnkara Üniversitesi
_c1981
300 _aix, 148 s. ;
_c25 cm.
336 _ametin
_btxt
_2rdacontent
337 _aaracısız
_bn
_2rdamedia
338 _acilt
_bnc
_2rdacarrier
490 1 _aAnkara Üniversitesi Siyasal Bilgiler Fakültesi yayınları ;
_vno: 479.
490 1 _a 100.
490 1 _aDoğum Yılında Atatürk'e Armağan dizisi ;
_v24
500 _aDizin var.
500 _aKaynakça var.
650 0 _aTurkey--History 1878-1909.
_920373
650 0 _aTürkiye--Tarih 1879-1909.
_958076
830 1 _aAnkara Üniversitesi Siyasal Bilgiler Fakültesi yayınları ;
_vno: 479.
_99316
830 1 _a 100.
_958077
830 1 _aDoğum Yılında Atatürk'e Armağan dizisi ;
_v24
_935016
907 _aTarih
942 _2lcc
_cBK
999 _c29269
_d29269